=LDR 00000nam 2200000 4500 =001 INLIS000000000003882 =005 20130612092202 =008 ***********************************Ind** =035 ##$$0010-061300000003882 =041 ##$$a Ind =090 ##$$a 510, Sem m =100 ##$$a Sembiring, RK =245 ##$$a Materi pokok matematika finansial, materi pokok MATK 4330/3 SKS, RK.Sembiring =260 ##$$a 1990 $b Jakarta =300 ##$$a 146 hlm., ilus., 28 cm =650 ##$$a Matematika =850 ##$$a NBPNMAT